Periodisme digital a Catalunya : radiografia de 445 webs informatius / David Domingo radiografia de 445 webs informatius / David Domingo
ISBN:
84-933434-2-0
Descripción Física:
117 p. : taules, gràf. ; 24 cm
Colección:
Ones i bits ; 5
MARC
| LEADER | 00000nam a2200000Ia 4500 | ||
|---|---|---|---|
| 001 | 16749 | ||
| 008 | 160829s9999 xx 000 0 cat d | ||
| 020 | |a 84-933434-2-0 | ||
| 080 | |a O-1-131 | ||
| 100 | |a Domingo, David |9 24148 | ||
| 245 | |a Periodisme digital a Catalunya : |b radiografia de 445 webs informatius / David Domingo | ||
| 260 | |a Barcelona : |b Diputació de Barcelona : |b Col·legi de Periodistes de Catalunya, DL 2004 | ||
| 300 | |a 117 p. : |b taules, gràf. ; |c 24 cm | ||
| 490 | |a Ones i bits ; 5 | ||
| 590 | |a Bibliografia | ||
| 650 | |a Internet i comunicació |9 24149 | ||
| 650 | |a Periodisme electrònic |9 23316 | ||
| 710 | 2 | |a Col·legi de Periodistes de Catalunya |9 52967 | |
| 710 | 1 | |a Barcelona (Catalunya : Província). |b Diputació |9 52408 | |
| 901 | |a Arxiu | ||
| 942 | |n 1 | ||
| 952 | |0 0 |1 0 |4 0 |6 O1131 |7 1 |9 43001 |a Arxiu |b Arxiu |d 2016-12-01 |l 0 |o O-1-131 |p 16749 |r 2016-12-01 00:00:00 |w 2016-12-01 |y ARXIU | ||
| 999 | |c 45544 |d 45544 | ||